000 02429nam a22002297a 4500
005 20250603171316.0
008 250414b |||||||| |||| 00| 0 eng d
020 _a9781501765018
040 _aSDCL
_cSDCL
041 _2eng
_aeng
084 _aV2:19(C9B3)'P R2
100 _aSarkar, Jayita
_9752261
245 _aPloughshares and swords :
_bIndia's nuclear program in the global cold war
260 _aIthaca :
_bCornell University Press,
_c2022.
300 _axvi, 282p.
520 _aIndia's nuclear program is often misunderstood as an inward-looking endeavor of secretive technocrats. In Ploughshares and Swords, Jayita Sarkar challenges this received wisdom, narrating a global story of India's nuclear program during its first forty years. The book foregrounds the program's civilian and military features by probing its close relationship with the space program. Through nuclear and space technologies, India's leaders served the technopolitical aims of economic modernity and the geopolitical goals of deterring adversaries. The politically savvy, transnationally connected scientists and engineers who steered the program obtained technologies, materials, and information through a variety of state and nonstate actors from Europe and North America, including both superpowers. They thus maneuvered around Cold War politics and the choke points of the nonproliferation regime. Hyperdiversification increased choices for the leaders of the nuclear program but reduced democratic accountability at home. The nuclear program became a consensus-enforcing device in the name of the nation. Ploughshares and Swords is a provocative new history with global implications. It shows how geopolitical and technopolitical visions influence decisions about the nation after decolonization. Thanks to generous funding from the Swiss National Science Foundation, the ebook editions of this book are available as Open Access volumes from Cornell Open (cornellpress.cornell.edu/cornell-open) and other repositories.
650 _aNuclear energy -- India -- History -- 20th century -- Government policy -- India -- History -- 20th century
_9811659
650 _aNuclear weapons -- India -- History -- 20th century -- Government policy -- India -- History -- 20th century
_9811660
650 _aTechnology and state -- India -- History -- 20th century
_9811661
942 _2CC
_cTEXL
_n0
999 _c1308963
_d1308963